BIBLIOTHÈQUE DE LA MAISON DU MEXIQUE

Logo 1 Logo 2

Floresta de leyendas heróicas españolas (notice nᵒ 11692)

détails MARC
000 -Sello discográfico
campo de control de longitud fija 00941nam a2200325 4500
005 - Identificación de versión
campo de control 20251016083226.0
035 ## - Otros números de control del sistema
Número de control del sistema 3975
099 ## - fechas locales
Tipo de ítem Koha LIBRO
100 ## - Datos de procesamiento general
Datos de procesamiento general 20040923d1948 m y1spay5003 ba
105 ## - Campo de datos codificados: Material textual, monográfico
Datos codificados de monografía y 001ay
200 1# - Título y mención de responsabilidad
Título propio Floresta de leyendas heróicas españolas
Designación general del material texto impreso
Otra información del título Rodrigo, el último godo
Primer mención de responsabilidad Compilación Ramón Menéndez Pidal
Número de una pieza Tomo III
Nombre de una parte La edad moderna
210 ## - Publicación, distribución, etc.
Lugar de publicación, distribución, etc. Madrid
Nombre del editor, distribuidor, etc. Espasa - Calpe
Fecha de publicación, distribución, etc. 1948
215 ## - Descripción física
Designación de material específico y extensión del ítem CXVII + 167 p
Dimensiones 19 cm
318 ## - Nota de acción
Acción No se presta a domicilio
345 ## - Nota de información de adquisición
Fuente de adquisición/dirección de la suscripción [OBSOLETO] Donación
410 #1 - Series
Título Clásicos Castellanos
Número de volumen 84
676 ## - Clasificación Decimal Dewey
Número R860 C614 v.84
702 ## - Nombre personal - Responsabilidad secundaria
Elemento de entrada Menéndez Pidal
Parte del nombre distinta del elemento de entrada Ramón
Fechas 1869-1968
Número Koha 5119
801 #0 - Fuente de origen
Agencia cm
900 ## -
-- 1/8018
900 ## -
-- 7100419784\230904
942 ## - ELEMENTOS DE ENTRADA SECUNDARIOS (KOHA)
Tipo de ítem Koha Livre

Pas d'exemplaire disponible.